LIBRARY & INFORMATION CENTRE, KCAET, TAVANUR

ONLINE PUBLIC ACCESS CATALOGUE (OPAC)

Panchayati Raj: A symposium (Record no. 10969)

MARC details
000 -LEADER
fixed length control field 00603cam a2200145ua 4500
041 ## - LANGUAGE CODE
Language code of text/sound track or separate title eng
082 ## - DEWEY DECIMAL CLASSIFICATION NUMBER
Classification number 352.0072
Item number MIN/PA
245 ## - TITLE STATEMENT
Title Panchayati Raj: A symposium
260 ## - PUBLICATION, DISTRIBUTION, ETC. (IMPRINT)
Place of publication :
Name of publisher Ministry of community development and co-operation ,
Year of publication 1885.
300 ## - PHYSICAL DESCRIPTION
Number of Pages 43 ; .
942 ## - ADDED ENTRY ELEMENTS (KOHA)
Koha item type Books
Holdings
Withdrawn status Lost status Damaged status Home library Current library Date acquired Full call number Accession Number Koha item type
Withdrawn     KAUAET Sanskrit University 07/04/2012 352.0072 5843 Books
free website counter